عرض عادي
عرض مارك
- Boehmeke, Thomas.
مدخل إسم شخص
001 - رقم الضبط
- حقل الضبط: 11637
003 - معرف رقم الضبط
- حقل الضبط: OSt
005 - تاريخ ووقت أخر عملية
- حقل الضبط: 20120419234543.0
008 - عناصر بيانات ثابتة الطول
- حقل تحكم ثابت الطول: 120419|||a|||||| | ||| d
040 ## - مصدر الفهرسة
- هيئة الفهرسة الأصلية: OSt
- وكالة الكتابة: OSt
100 ## - مدخل -- أسم شخص
- إسم شخص: Boehmeke, Thomas.
670 ## - بيانات المصدر موجوده
- الاستشهاد بالمصدر: Work cat.: (OSt)23961: Boehmeke, Thomas., Pocket atlas of echocardiography, c2006.
